Gares sur la ligne entre Paris Austerlitz et Tours (via Châteaudun) - Statistiques

Statistiques générales
  • Ce quiz a été pris 10 fois
    5 depuis la dernière actualisation
  • Le résultat moyen est 31 sur 37
Statistiques - réponses
Département Gare % Correct
Val-de-Marne (94) Ablon
100%
(91) Arpajon
100%
Paris (75) Bibliothèque-François-Mitterrand
100%
(91) Brétigny
100%
(28) Châteaudun
100%
(94) Choisy-le-Roi
100%
(91) Saint-Michel-sur-Orge
100%
Essonne (91) Dourdan
100%
Val-de-Marne (94) Ivry-sur-Seine
100%
(91) Juvisy
100%
Paris (75) Paris Austerlitz
100%
(91) Sainte-Geneviève-des-Bois
100%
Indre-et-Loire (37) Tours
100%
(41) Vendôme
100%
(94) Vitry-sur-Seine
100%
Essonne (91) Athis-Mons
80%
Eure-et-Loire (28) Auneau
80%
(28) Bonneval
80%
(91) Breuillet - Bruyères-le-Châtel
80%
(91) Breuillet-Village
80%
Eure-et-Loire (28) Cloyes
80%
(91) Epinay-sur-Orge
80%
Loir-et-Cher (41) Fréteval - Morée
80%
(91) La Norville - Saint-Germain-lès-Arpajon
80%
(94) Les Ardoines
80%
(91) Saint-Chéron
80%
(91) Savigny-sur-Orge
80%
(91) Sermaise
80%
(94) Villeneuve-le-Roi
80%
(28) Voves
80%
Indre-et-Loire (37) Château-Renault
60%
(91) Egly
60%
(37) La Membrolle-sur-Choisille
60%
(37) Monnaie
60%
(37) Notre-Dame-d'Oé
60%
(41) Pezou
60%
Loir-et-Cher (41) Saint-Amand-de-Vendôme
60%
Aucun quiz correspondant
Distribution des résultats
% des personnes avec chaque résultat
Percentile par nombre de réponses
Votre historique - résultats
Vous n’avez pas pris ce quiz depuis la dernière actualisation